1424 1131 1954 1807 1750 1048 1217 1774 1534 1095 1397 1266 1773 1372 1363 1056 1202 1232 1205 1463 1674 1785 1145 1473 1466 1586 1307 1052 1666 1514 1311 1816 1759 1671 1087 1919 1645 1652 1263 1469 1692 1593 1908 1080 1069 1603 1165 1896 1466 1889 1699 1314 1511 1133 1089 1503 1658 1782 1742 1139 1457 1193 1160 1547 1654 1180 1242 1697 1459 1527 1434 1331 1127 1658 1975 1682 1539 1054 1964 1325 1037 1971 2000 1032 1499 1007 1591 1024 1451 1588 1478 1859 1144 1716 1515 1725 1547 1832 1364 BCNSPRNW ULIB Ver.6.0+V

เปลี่ยนเป็นภาษาไทย

Change to English
 แสดงรายละเอียดบรรณานุกรม
  กลับหน้าหลัก

Brief Record : Get Marc (ISO 2709) : E-mail record : QR code < ปิดหน้าต่าง
LEADER : 00000nam 2200000uu 4500
001    13399123188
003     ULIB
008    020711s2550 th a 000 0 tha d
020    9789747513196
020    9747513196
050    TK5105.5^bล831ร
100    Kenneth C. Laudon
245    ระบบสารสนเทศเพื่อการจัดการ =^bManagement information systems : managing the digital firm /^cโดย Kenneth C. Laudon, Jane P. Laudon ; แปลและเรียบเรียง สัลยุทธ์ สว่างวรรณ
260    กรุงเทพฯ :^bซีเอ็ด,^c2550
300    503 หน้า
650    การจัดการ
700    Jane P. Laudon
700    สัลยุทธ์ สว่างวรรณ,^eแปลและเรียบเรียง
945    ^p498^l0^i20326
945    ^p498^l0^i20327
รายการนี้ยังไม่มีแท็ก
คุณยังไม่ได้ล็อกอิน คุณสามารถมีกิจกรรมร่วมกับเว็บไซต์ได้ แต่ต้องล็อกอินก่อน ::
  ล็อกอิน

รายการสื่อสารสนเทศ

ลำดับที่ ประเภท เลขเรียก/บาร์โค้ด สถานที่ สถานะ
1. การศึกษาทั่วไป
การศึกษาทั่วไป
TK5105.5 ล831ร ฉ.1 
  Barcode: 20326
ห้องสมุดวิทยาเขตนครสวรรค์
►หนังสือทั่วไป:l:General Books
บนชั้น
2. การศึกษาทั่วไป
การศึกษาทั่วไป
TK5105.5 ล831ร ฉ.2 
  Barcode: 20327
ห้องสมุดวิทยาเขตนครสวรรค์
►หนังสือทั่วไป:l:General Books
บนชั้น

รายการใกล้เคียง
    หัวเรื่อง [การจัดการ]

BibComment


ยังไม่เคยถูกคอมเมนท์

คอมเมนท์ทรัพยากรรายการนี้
  คอมเมนท์: ระบบสารสนเทศเพื่อ..


 Copyright 2026. Bcnsprnw @Library